| 000 | 00548nam a2200181Ia 4500 | ||
|---|---|---|---|
| 003 | OSt | ||
| 005 | 20230519110548.0 | ||
| 008 | 210423s1996 xx 000 0 und d | ||
| 040 | _cAL | ||
| 041 | _aeng | ||
| 082 |
_a158.3 _223 _bANTT |
||
| 100 |
_aANTONY (John). _9109458 |
||
| 245 | _aTypes of counselling: a life span development and situational approach. | ||
| 260 |
_aNageroil _bAnugraha Publications _c1996 |
||
| 365 |
_b100 _cINR |
||
| 906 | _aapproach. ; counselling: ; development ; life ; situational ; span ; Types | ||
| 942 |
_2ddc _cBK |
||
| 999 |
_c172555 _d172555 |
||